[Event "Titled Tuesday intern op 02nd Jul Late"]
[Site "Chess.com INT"]
[Date "2024.07.02"]
[Round "2"]
[White "Taboas Rodriguez, Daniel"]
[Black "Tang, Benjamin"]
[Result "1-0"]
[WhiteElo "2338"]
[BlackElo "2236"]
[PlyCount "97"]
[EventDate "2024.07.02"]
[EventType "swiss (blitz)"]
[EventRounds "11"]
[EventCountry "USA"]
[SourceTitle "EXT 2025"]
[Source "ChessBase"]
[SourceDate "2024.10.14"]
[SourceVersion "1"]
[SourceVersionDate "2024.10.14"]
[SourceQuality "1"]

1. d4 Nf6 2. Nf3 g6 3. c4 Bg7 4. Nc3 d6 5. e4 0-0 6. Be2 e5 7. dxe5 dxe5 8. Qxd8 Rxd8 9. Bg5 Re8 10. Nd5 Nxd5 11. cxd5 c6 12. Bc4 cxd5 13. Bxd5 Nd7 14. Nd2 Nc5 15. 0-0-0 Be6 16. Bxe6 Rxe6 17. Be3 Nd3+ 18. Kc2 Nb4+ 19. Kb3 Nc6 20. Nc4 f5 21. Rd7 f4 22. Bc5 b6 23. Bd6 b5 24. Nd2 Nd4+ 25. Kc3 Rc8+ 26. Kd3 a5 27. Nb3 Nxb3 28. axb3 Rc6 29. Bc7 a4 30. Ra1 Bf8 31. bxa4 bxa4 32. Rxa4 Rc1 33. Kd2 Rec6 34. Ra8 Rxc7 35. Rdd8 R7c2+ 36. Kd3 Rd1+ 37. Kxc2 Rxd8 38. Rxd8 Kf7 39. Rd5 Ke6 40. f3 Bb4 41. Kb3 Be1 42. Kc4 g5 43. h3 h5 44. b4 Bf2 45. Kb5 Bd4 46. Kc6 Be3 47. b5 g4 48. hxg4 hxg4 49. fxg4 1-0

[Event "Titled Tuesday intern op 02nd Jul Late"]
[Site "Chess.com INT"]
[Date "2024.07.02"]
[Round "7"]
[White "Tang, Benjamin"]
[Black "Mizzi, Jack"]
[Result "0-1"]
[WhiteElo "2236"]
[BlackElo "1959"]
[PlyCount "80"]
[EventDate "2024.07.02"]
[EventType "swiss (blitz)"]
[EventRounds "11"]
[EventCountry "USA"]
[SourceTitle "EXT 2025"]
[Source "ChessBase"]
[SourceDate "2024.10.14"]
[SourceVersion "1"]
[SourceVersionDate "2024.10.14"]
[SourceQuality "1"]

1. e4 c6 2. d4 d5 3. e5 c5 4. Nf3 cxd4 5. Nxd4 e6 6. Bd3 Nc6 7. Nxc6 bxc6 8. 0-0 Ne7 9. Re1 Ng6 10. g3 Bc5 11. h4 Qb6 12. Qf3 Bd4 13. Bxg6 hxg6 14. c3 Bc5 15. Nd2 Be7 16. Kg2 Bb7 17. Nb3 c5 18. Kg1 d4 19. Qg4 Qc6 20. f3 Qxf3 21. Qxf3 Bxf3 22. cxd4 cxd4 23. Nxd4 Bd5 24. Be3 0-0 25. b3 Rac8 26. Rac1 Ba3 27. Rxc8 Rxc8 28. Nb5 Bb4 29. Rc1 Rxc1+ 30. Bxc1 a6 31. Nc7 Bb7 32. Ne8 Be4 33. Kf2 Bc3 34. Nd6 Bb1 35. a4 Bxe5 36. Nc4 Bf6 37. b4 Bd3 38. Nb6 Bc3 39. Ba3 Bd4+ 40. Kf3 Bxb6 0-1